Stabilný trh s vysokou obrátkovosťou

Papierenský sortiment sa pýši rôznorodosťou a vyrovnaným záujmom počas celého roka. Trendy papierenského sortimentu. Lepidlá, to je dnes už hotová veda.

Salvato in:
Dettagli Bibliografici
Autore principale: Vojtková, Viera
Natura: Capitolo di libro
Lingua:slovacco
Soggetti:
Tags: Aggiungi Tag
Nessun Tag, puoi essere il primo ad aggiungerne!!

MARC

LEADER 00000naa a2200000 4500
001 r042927
005 20240404140555.3
041 0 |a slo 
044 |a SK 
245 1 0 |a Stabilný trh s vysokou obrátkovosťou  |c Viera Vojtková 
520 |a Papierenský sortiment sa pýši rôznorodosťou a vyrovnaným záujmom počas celého roka. Trendy papierenského sortimentu. Lepidlá, to je dnes už hotová veda. 
610 2 0 |a priemysel papiernický 
610 2 0 |a papier 
610 2 0 |a prieskum trhu 
100 1 |a Vojtková, Viera